Cuaderno de Derecho Internacional : El derecho internacional en las sentencias de la CSJN /
Guardado en:
| Formato: | Desconocido |
|---|---|
| Idioma: | Spanish |
| Publicado: |
Córdoba :
Academia,
2007
|
| Edición: | 1º ed. |
| Series: | Cuaderno de derecho Internacional
II |
| Materias: | |
| Etiquetas: |
Agregar Etiqueta
Sin Etiquetas, Sea el primero en etiquetar este registro!
|
| LEADER | 00763nac a22002175a 4500 | ||
|---|---|---|---|
| 001 | DER.der005301 | ||
| 005 | 20140926000000.0 | ||
| 008 | 180615s2007####||||||||||||||||||||spa|| | ||
| 020 | |a 978-987-1123-38-4 | ||
| 245 | 1 | 0 | |a Cuaderno de Derecho Internacional : |b El derecho internacional en las sentencias de la CSJN / |c Número II |
| 250 | |a 1º ed. | ||
| 260 | |a Córdoba : |b Academia, |c 2007 | ||
| 300 | 0 | |a 192 p. | |
| 440 | 0 | |a Cuaderno de derecho Internacional |v II | |
| 500 | 0 | |a Instituto de Derecho Internacional Público y Derecho de la Integración | |
| 653 | |a DERECHO INTERNACIONAL PUBLICO | ||
| 653 | |a FALLOS | ||
| 653 | |a DERECHOS HUMANOS | ||
| 653 | |a TRATADOS INTERNACIONALES | ||
| 653 | |a CRIMEN DE LESA HUMANIDAD | ||
| 859 | |a DERECHO |b BIB. DERECHO |h 341 |i ACA |p 005526 | ||
